000 00215nam a2200109Ia 4500
100 _aCARL HEYEL
942 _cBK
245 _a0RGANIZING YOUR JOB IN MANAGEMENT
260 _b#N/A
546 _aENGLISH
999 _c34670
_d34670